000 00734nam a2200229 a 4500
001 BRCA_5684
005 20190320205159.0
008 020311s1920----gw-#######---#000-0#ger-#
041 _ager
044 _agw
050 4 _aZ8357.8
_b.G67 1920
100 1 _aGorki, Maxim
_d1868-1936
_914440
245 1 0 _aDie Silbernen Schliessen Ins Deutsche Übertragen von Josef Kalmer
_cMaxim Gorki ; mit einem Nachwort von Boris Suwarin und Fünf Original Lithographien von M. Fisher.
260 _aLeipzig
_bDruck und Verlagsgesellschaft
_c1920
300 _a52 p.
_c18 cm.
500 _aH5
650 1 4 _aPlatería
_zAlemania
_914441
700 1 _aSuwarin, Boris
_914442
700 1 _aFisher, M.
_eil.
_914443
902 _aGFM
942 _2lcc
_cB
999 _c5377
_d5377